2000年以降に開業した東京23区内の駅 - Statistics

General Stats
  • This quiz has been taken 440 times
  • The average score is 23 of 42
Answer Stats
開業年月日 会社 駅名 % Correct
2020.03.14 JR東日本 高輪ゲートウェイ
94%
2020.06.06 東京地下鉄 虎ノ門ヒルズ
83%
2008.06.14 東京地下鉄 西早稲田
75%
2008.06.14 東京地下鉄 北参道
75%
2008.06.14 東京地下鉄 雑司が谷
74%
2010.10.21 京浜急行電鉄 東京モノレール 羽田空港国際線ビル/羽田空港国際線ターミナル/羽田空港第3ターミナル
74%
2000.12.12 東京都交通局 首都圏新都市鉄道 新御徒町
68%
2000.12.12 東京都交通局 東京地下鉄 東新宿
65%
2002.12.01 東京臨海高速鉄道 品川シーサイド
64%
2000.09.26 帝都高速度交通営団 東京都交通局 白金高輪
62%
2000.12.12 東京都交通局 牛込神楽坂
62%
2005.08.24 首都圏新都市鉄道 六町
62%
2000.09.26 帝都高速度交通営団 東京都交通局 白金台
61%
2000.12.12 東京都交通局 牛込柳町
61%
2006.03.27 ゆりかもめ 有明テニスの森
61%
2000.04.20 東京都交通局 国立競技場
60%
2006.03.27 ゆりかもめ 新豊洲
60%
2008.03.30 東京都交通局 舎人
59%
2000.09.26 帝都高速度交通営団 東京都交通局 麻布十番
58%
2000.12.12 東京都交通局 勝どき
58%
2005.08.24 首都圏新都市鉄道 浅草
58%
2000.12.12 東京都交通局 築地市場
57%
2005.08.24 首都圏新都市鉄道 青井
57%
2000.12.12 東京都交通局 若松河田
56%
2000.12.12 東京都交通局 赤羽橋
56%
2002.11.02 東京都交通局 汐留
56%
2006.03.27 ゆりかもめ 市場前
56%
2000.09.26 帝都高速度交通営団 六本木一丁目
54%
2008.03.30 東京都交通局 見沼代親水公園
54%
2000.12.12 東京都交通局 新宿西口
53%
2008.03.30 東京都交通局 舎人公園
52%
2000.12.12 東京都交通局 上野御徒町
51%
2000.12.12 東京都交通局 帝都高速度交通営団 清澄白河
51%
2008.03.30 東京都交通局 赤土小学校前
43%
2008.03.30 東京都交通局 西新井大師西
41%
2004.12.01 東京モノレール 羽田空港第2ビル/羽田空港第2ターミナル
36%
2008.03.30 東京都交通局 足立小台
34%
2008.03.30 東京都交通局 扇大橋
31%
2008.03.30 東京都交通局 江北
31%
2008.03.30 東京都交通局 高野
26%
2008.03.30 東京都交通局 谷在家
25%
2000.11.11 東京都交通局 荒川一中前
4%
No matching quizzes found
Score Distribution
Percent of People with Each Score
Percentile by Number Answered
Your Score History
You have not taken this quiz